Estatísticas para Adivinhe os personagens do RPG

Clique aqui para jogar o quiz

Estatísticas Gerais

  • Esse quiz foi jogado 3 vezes
  • A pontuação média é 38 de 81

Estatísticas das Respostas

HintResposta% Correto
SchapitzJosh
100%
ChadwickAustin
67%
StrombergBrian
67%
StrombergBriana
67%
StrombergCarly
67%
WoodColton
67%
WeasleyDominique
67%
DavisDoug
67%
finch-fletchleyErick
67%
WeasleyFred
67%
GoldsteinGabriella
67%
ChagasHunter
67%
FinniganHunter
67%
MacDougalIsobel
67%
SpiekerJason
67%
RiversJim
67%
CarrowJoe
67%
NottJosiah
67%
PuceyKatie
67%
CarrowKevin
67%
LiKim
67%
BulstrodeKris
67%
CornfootLeah
67%
MarinosoLeon
67%
BellLeon
67%
BobbinLindsay
67%
ScamanderLorcan
67%
WeasleyLouis
67%
ScamanderLysander
67%
MacDougalMegan
67%
CarrowNick
67%
EastchurchNicole
67%
ZabiniNormani
67%
CaxtonPixxie
67%
SmithRebbeca
67%
MaloneRosa
67%
FlintStar
67%
EntwhistleStevie
67%
HopkinsTaysa
67%
LupinTedd
67%
PotterTiago
67%
McMillanTim
67%
WeasleyVictorie
67%
SchapitzWill
67%
BoleWillow
67%
GoldsteinAnthony
33%
BrocklehurstBrie
33%
AdamsCJ
33%
MclaggenCormac
33%
BinnsCuthbert
33%
HobdayEgmont
33%
FlitwickFilius
33%
DelancourFleur
33%
ChangGoki
33%
GrangerHermione
33%
AcresIsabella
33%
JordanJaden
33%
MoonJohan
33%
StrombergKenny
33%
SmithLogan
33%
BaddockMalcom
33%
CornerMelissa
33%
BelbyMichelle
33%
McGonagallMinerva
33%
SproutPomona
33%
BaileyPreston
33%
ThomasRag
33%
DunbarShelby
33%
ApplebeeThomasina
33%
BootAaron
0%
PartulaAhal
0%
SinistraAurora
0%
PerksChyler
0%
CarmichaelEdward
0%
McLaggenElle
0%
JorkinsGriselda
0%
DavisNicola
0%
PomfreyPapoula
0%
HagridRubeo
0%
CornerSimon
0%
AlbrizziTucker
0%

Distribuição das Pontuações

Percentil de Números Respondidos

Porcentagem de Pessoas com Cada Pontuação

Sua Pontuação Histórica

Você não jogou esse quiz